| 000 | 04172nam a2200637Ia 4500 | ||
|---|---|---|---|
| 001 | 991106936646806196 | ||
| 005 | 20260128124206.0 | ||
| 006 | m o d | ||
| 007 | cr#cn||||||||| | ||
| 008 | 111013s2012 nyu ob 001 0 eng d | ||
| 020 | _a9780415898942 | ||
| 024 | 7 |
_a10.4324/9780203343098 _2doi |
|
| 035 | _a(CKB)2670000000203542 | ||
| 035 | _a(OCoLC)795123444 | ||
| 035 | _a(CaPaEBR)ebrary10566980 | ||
| 035 | _a(SSID)ssj0000696193 | ||
| 035 | _a(PQKBManifestationID)11441301 | ||
| 035 | _a(PQKBTitleCode)TC0000696193 | ||
| 035 | _a(PQKBWorkID)10678517 | ||
| 035 | _a(PQKB)10477159 | ||
| 035 | _a(SSID)ssj0000691698 | ||
| 035 | _a(PQKBManifestationID)12264326 | ||
| 035 | _a(PQKBTitleCode)TC0000691698 | ||
| 035 | _a(PQKBWorkID)10635336 | ||
| 035 | _a(PQKB)11327447 | ||
| 035 | _a(MiAaPQ)EBC958779 | ||
| 035 | _a(Au-PeEL)EBL958779 | ||
| 035 | _a(CaPaEBR)ebr10566980 | ||
| 035 | _a(CaONFJC)MIL364169 | ||
| 035 | _a(OCoLC)798530361 | ||
| 035 | _a(OCoLC)724641133 | ||
| 035 | _a(FINmELB)ELB139094 | ||
| 035 | _a(OCoLC)1264209439 | ||
| 035 | _a(CaBNVSL)9780203343098 | ||
| 035 | _a(CaBNVSL)BP9780203343098BM&S | ||
| 035 | _a(EXLCZ)992670000000203542 | ||
| 040 |
_aEBLCP _beng _erda _cCaBNVSL _dCaBNVSL |
||
| 041 | _aeng | ||
| 245 | 0 | 0 |
_aMusic, sound and filmmakers _b: sonic style in cinema _c/ edited by James Wierzbicki. |
| 250 | _aFirst edition. | ||
| 264 | 1 |
_aLondon, England : _bZed Books, _c2012. |
|
| 264 | 2 |
_a[London, England] : _bBloomsbury Publishing, _c2021 |
|
| 300 | _a227 pages | ||
| 490 | 1 | _aRoutledge music and screen media series | |
| 500 | _aBibliographic Level Mode of Issuance: Monograph | ||
| 504 | _aIncludes bibliographical references and index. | ||
| 505 | 0 | _aSonic Style in Cinema — Music, Sound, and Silence in the Films of Ingmar Bergman — Andrey Tarkovsky; The Refrain of the Sonic Fingerprint — “It’s All Really Happening”: Sonic Shaping in the Films of Wes Anderson — Kieślowski’s musique concrète — Gus Van Sant’s Soundwalks and Audio-visual musique concrète — Blowin’ in the Wind: Music and Meaning in the Coen Brothers’ Films — Sound and Uncertainty in the Horror Films of the Lewton Unit — Conducting the Composer: David O. Selznick and the Hollywood Film Score — The Stanley Kubrick Experience: Music, Firecrackers, Disorientation, and You — The Filmmaker’s Contract: Controlling Sonic Space in the Films of Peter Greenaway — The Attractions of Repetition: Tarantino’s Sonic Style — Dream Timbre: Notes on Lynchian Sound Design. | |
| 505 | 8 | _aChapter 8 Sound and Uncertainty in the Horror Films of the Lewton UnitChapter 9 Conducting the Composer: David O -- . Selznick and the Hollywood Film Score; Chapter 10 The Stanley Kubrick Experience: Music, Nuclear Bombs, Disorientation, and You; Chapter 11 The Filmmaker's Contract: Controlling Sonic Space in the Films of Peter Greenaway; Chapter 12 The Attractions of Repetition: Tarantino's Sonic Style; Chapter 13 Dream Timbre: Notes on Lynchian Sound Design; Lists of Contributors; Bibliography; Index. | |
| 520 | _aMusic, Sound and Filmmakers: Sonic Style in Cinema is a collection of essays that examine the work of filmmakers whose concern is not just for the eye, but also for the ear. The bulk of the text focuses on the work of directors Wes Anderson, Ingmar Bergman, the Coen brothers, Peter Greenaway, Krzysztof Kieślowski, Stanley Kubrick, David Lynch, Quentin Tarantino, Andrey Tarkovsky and Gus Van Sant. Significantly, the anthology includes a discussion of films administratively controlled by such famously sound-conscious producers as David O. Selznick and Val Lewton. Written by the leading film music scholars from Europe, North America, and Australia, Music, Sound and Filmmakers: Sonic Style in Cinema will complement other volumes in Film Music coursework, or stand on its own among a body of research. | ||
| 546 | _aEnglish | ||
| 650 | 0 |
_aMotion picture music. _926703 |
|
| 650 | 0 |
_aSound in motion pictures. _926704 |
|
| 700 |
_aWierzbicki, James Eugene, _eeditor. _926705 |
||
| 830 | 0 | _aRoutledge music and screen media series. | |
| 942 | _2lcc | ||
| 999 |
_c5314 _d5314 |
||